[Event "Washington Class Championships"]
[Site "Lynnwood, WA"]
[Date "2014.11.28"]
[Round "1"]
[White "Varner Murlin  (WA)"]
[Black "Chandrasekar Siddharth  (WA)"]
[Result "1-0"]
[WhiteElo "1517"]
[BlackElo "1376"]
[Annotator ""]
[Source ""]
[Remark "Class C"]

1.c4 c6 2.Nc3 Nf6 3.g3 d5 4.cxd5 cxd5 5.Bg2 Bf5 6.Nf3 Nc6 7.O-O
e5 8.d3 Be7 9.Qb3 Rb8 10.Nh4 Be6 11.Bg5 d4 12.Qa4 dxc3 13.Bxc6+
bxc6 14.Qxc6+ Bd7 15.Qxc3 Nd5 16.Qxe5 Bh3 17.Bxe7 Nxe7 18.Rfc1
O-O 19.b3 Re8 20.Nf3 Ng6 21.Qh5 Qd7 22.Ng5 Bg4 23.Qxh7+ Kf8 24.f3
Rxe2 25.fxg4 Qd4+ 26.Kh1 Qd5+ 27.Ne4 Qxd3 28.Qh3 Qf3+ 29.Kg1
Nf4 {?} ( 29...Qe3+ 30.Kh1 Qxe4+ ) 30.Qh8+ Ke7 31.Rc7+ Ke6 32.Ng5+
Kd6 33.Nxf3 Rxh8 34.Rxf7 Nh3+ 35.Kh1 Rf2 36.Rf5 g6 37.Rd1+ Ke6
38.Re1+ Kd6 39.Rf6+ Kd5 40.Re5# 1-0

[Event "Washington Class Championships"]
[Site "Lynnwood, WA"]
[Date "2014.11.28"]
[Round "1"]
[White "Mathews Daniel  (WA)"]
[Black "Zhang Gavin  (OR)"]
[Result "1-0"]
[WhiteElo "1760"]
[BlackElo "1633"]
[Annotator ""]
[Source ""]
[Remark "Class B"]

1.d4 d5 2.Nf3 Nf6 3.g3 Bf5 4.Bg2 e6 5.O-O Nbd7 6.b3 Be7 7.Bb2
O-O 8.Nbd2 c6 9.Nh4 Bg6 10.Nxg6 hxg6 11.e4 dxe4 12.Nxe4 Nxe4
13.Bxe4 Nf6 14.Bg2 Nd5 15.c4 Nc7 16.Qc2 Bf6 17.Rad1 Qe7 18.d5
cxd5 19.cxd5 Rac8 ( 19...Nxd5 ) 20.d6 1-0

[Event "Washington Class Championships"]
[Site "Lynnwood, WA"]
[Date "2014.11.28"]
[Round "1"]
[White "Ma Andrew  (WA)"]
[Black "Anand Vignesh  (WA)"]
[Result "1-0"]
[WhiteElo "1263"]
[BlackElo "1040"]
[Annotator ""]
[Source ""]
[Remark "Class D"]

1.e4 e5 2.Nf3 Nc6 3.Bc4 Nf6 4.Ng5 d5 5.exd5 Na5 6.Bb5+ Bd7 7.Bxd7+
Qxd7 8.O-O Qxd5 9.Nc3 Qd7 10.Re1 Bd6 11.Nce4 Nxe4 12.Nxe4 O-O
13.Nxd6 cxd6 14.d4 Qf5 15.d5 Rac8 16.c3 Nc4 17.b3 Nb6 18.c4 Rc5
19.Ba3 Nd7 20.Bxc5 dxc5 21.Re3 Nf6 22.Rf3 Qe4 23.Rg3 Rd8 24.Qf3
Qxf3 25.Rxf3 b5 26.Rf5 bxc4 27.bxc4 Re8 28.Re1 e4 29.d6 a6 30.Rb1
h6 31.Rb7 Rd8 32.Rxc5 Rxd6 33.Rc8+ Kh7 34.h3 Rd1+ 35.Kh2 Rf1
36.Rb2 Rc1 37.Rc7 Kg6 38.a4 Nd5 39.Rc6+ Nf6 40.Re2 Ra1 41.Rxa6
Rc1 42.Rxe4 Kf5 43.Re7 Rxc4 44.Rxf7 Kg6 45.Rfa7 Rh4 46.Rc7 Kg5
47.Rxg7+ 1-0

[Event "Washington Class Championships"]
[Site "Lynnwood, WA"]
[Date "2014.11.28"]
[Round "1"]
[White "Campbell Tim  (WA)"]
[Black "Farny Andreas  (WA)"]
[Result "1/2-1/2"]
[WhiteElo "1737"]
[BlackElo "1607"]
[Annotator ""]
[Source ""]
[Remark "Class B"]

1.e4 c5 2.Nf3 Nc6 3.d4 cxd4 4.Nxd4 g6 5.c4 Bg7 6.Nc2 Nf6 7.Nc3
d6 8.Be2 O-O 9.O-O Bd7 10.Be3 Rc8 11.f3 Ne5 12.Na3 b6 13.Qc2
Be6 14.Nd5 Bxd5 15.exd5 Nxd5 16.Bd4 Nxf3+ 17.Bxf3 Bxd4+ 18.Kh1
Ne3 19.Qe4 Nf5 20.Bg4 Bxb2 21.Bxf5 gxf5 22.Rxf5 Bxa1 23.Rh5 f5
24.Qe6+ Kh8 25.Qg6 Rf7 26.Qxf7 Bg7 27.Qxf5 Qg8 28.Rxh7+ Qxh7
29.Qxc8+ Qg8 30.Qh3+ Qh7 31.Qxh7+ Kxh7 32.Nb5 a6 33.Nc7 a5 34.Nd5
Bf6 35.g4 Kg6 36.Kg2 Kg5 37.Kf3 e6 38.h4+ Kg6 39.h5+ Kg5 40.Nxf6
Kxf6 41.h6 Kg6 42.g5 Kh7 43.a4 Kg6 44.Kf4 Kh7 45.Kf3 Kg6 46.Kg4
d5 47.Kf4 dxc4 48.Ke4 e5 49.Ke3 Kh7 50.Ke4 1/2-1/2

[Event "Washington Class Championships"]
[Site "Lynnwood, WA"]
[Date "2014.11.28"]
[Round "1"]
[White "He Samuel  (WA)"]
[Black "Haining Kyle  (WA)"]
[Result "1-0"]
[WhiteElo "2219"]
[BlackElo "2054"]
[Annotator ""]
[Source ""]
[Remark "Master"]

1.c4 g6 2.d4 Bg7 3.Nf3 Nf6 4.Nc3 O-O 5.Bg5 c5 6.e3 d6 7.d5 e6
8.Bd3 Qa5 9.Nd2 a6 10.a4 Re8 11.O-O Nbd7 12.Bf4 Qc7 13.dxe6 Rxe6
14.Nf3 Nh5 15.Nd5 Qa5 16.Ng5 Nxf4 17.exf4 Re8 18.Ne4 Re6 19.f5
gxf5 20.Ng5 Rg6 21.Ne7+ Kf8 22.Nxg6+ hxg6 23.Bxf5 gxf5 24.Qxd6+
Kg8 25.Qe7 Qb6 26.Qxf7+ Kh8 27.Rae1 Qh6 28.Qe8+ 1-0

[Event "Washington Class Championships"]
[Site "Lynnwood, WA"]
[Date "2014.11.28"]
[Round "1"]
[White "Hasuike Mike  (OR)"]
[Black "Beck Alec  (WA)"]
[Result "1-0"]
[WhiteElo "1500"]
[BlackElo "1311"]
[Annotator ""]
[Source ""]
[Remark "Class C"]

1.d4 d5 2.Nf3 Nf6 3.Bg5 h6 4.Bxf6 exf6 5.Nbd2 Bf5 6.e3 Bd6 7.Bd3
Bg6 8.O-O O-O 9.Re1 f5 10.g3 Be7 11.Ne5 Bh7 12.Qh5 f6 13.Ng6
Bxg6 14.Qxg6 Bd6 15.Bxf5 Qe7 16.Nf3 Nd7 17.Nh4 Rfe8 18.Qh7+ Kf8
19.Ng6+ Kf7 20.Nxe7 Nf8 21.Bg6+ Kxe7 22.Qxg7+ Kd8 23.Bxe8 Kxe8
24.e4 dxe4 25.Rxe4+ Kd8 26.Qxf6+ Kc8 27.Re8+ Kd7 28.Rxa8 Kc6
29.c4 Kb6 30.Rxf8 Ka5 31.Rd8 Kb4 32.c5 Bxc5 33.dxc5 Kxc5 34.Rd7
h5 35.Qe5+ Kb4 36.Rc1 ( 36.Rd4# ) 1-0

[Event "Washington Class Championships"]
[Site "Lynnwood, WA"]
[Date "2014.11.28"]
[Round "1"]
[White "Patterson Roger  (CAN)"]
[Black "Sinanan Joshua  (WA)"]
[Result "1/2-1/2"]
[WhiteElo "2141"]
[BlackElo "2264"]
[Annotator ""]
[Source ""]
[Remark "Master"]

1.c4 e5 2.Nc3 Nc6 3.g3 f5 4.Bg2 Nf6 5.e3 d5 6.cxd5 Nb4 7.d3 Nbxd5
8.a3 c6 9.Nge2 Be6 10.O-O a5 11.Qc2 Bd6 12.e4 fxe4 13.dxe4 Nxc3
14.Qxc3 O-O 15.f3 Nd7 16.Be3 Qe7 17.Rac1 Rfc8 18.f4 b6 19.fxe5
Bxe5 20.Bd4 Bg4 21.Nf4 Bxd4+ 22.Qxd4 Qe5 23.Qc4+ Kh8 24.h3 Bh5
25.Rf2 Nf6 26.Nxh5 Qxh5 27.Rf5 Qe8 28.Rcf1 Qe7 29.e5 Nd7 30.Qd4
Qc5 31.Qxc5 Nxc5 32.Bxc6 g6 33.Bxa8 gxf5 34.Bg2 Rf8 35.Rd1 Re8
36.Rd6 Rxe5 37.Rxb6 a4 38.Rb4 Re1+ 39.Kh2 Rc1 40.g4 fxg4 41.Rxg4
Rc2 42.Rb4 Kg7 1/2-1/2

[Event "Washington Class Championships"]
[Site "Lynnwood, WA"]
[Date "2014.11.28"]
[Round "1"]
[White "Bragg David  (WA)"]
[Black "Sohal Tanraj  (CAN)"]
[Result "0-1"]
[WhiteElo "2200"]
[BlackElo "2133"]
[Annotator ""]
[Source ""]
[Remark "Master"]

1.d4 d5 2.c4 e6 3.Nf3 Nf6 4.g3 Nc6 5.Bg2 dxc4 6.Qa4 Bb4+ 7.Bd2
Nd5 8.Ne5 Bd7 9.Nxd7 Qxd7 10.e3 Bxd2+ 11.Kxd2 Nb6 12.Bxc6 bxc6
13.Qa3 e5 14.Qc5 f6 15.Na3 O-O-O 16.Nxc4 exd4 17.e4 Rhe8 18.Rac1
Rxe4 19.Nxb6+ axb6 20.Qxc6 Qxc6 21.Rxc6 Kb7 22.Rhc1 Rd7 23.Kd3
Re5 24.b4 Rf5 25.f4 Rfd5 26.Re6 Rh5 27.Rc2 Rhd5 28.a4 c5 29.b5
R5d6 30.Re8 Rd8 31.Re7+ R6d7 32.Re6 Ra8 33.Rc4 Kc7 34.Rc6+ Kb7
35.Re6 Rc8 36.Rc2 Rcc7 37.Rc1 Re7 38.Rce1 Rf7 39.Rd6 Rfd7 40.Rxd7
Rxd7 41.Re6 f5 42.Re5 Kc7 43.Re6 Rd6 44.Re7+ Kd8 45.Re2 Kd7 46.Re5
g6 47.Re2 Re6 48.Re5 Rd6 49.Re2 Rf6 50.Re5 Kd6 51.Kc4 Kd7 52.Kd3
h6 53.h4 Rd6 54.a5 c4+ 55.Kxc4 d3 56.Re1 d2 57.Rd1 bxa5 58.Kc5
Rd3 59.b6 Kc8 60.Kb5 Kb7 61.Kxa5 Rd5+ 62.Kb4 Kxb6 63.Kc4 Kc6
64.Kc3 Kc5 65.Rxd2 Rxd2 66.Kxd2 Kd4 0-1

[Event "Washington Class Championships"]
[Site "Lynnwood, WA"]
[Date "2014.11.28"]
[Round "1"]
[White "Yeo Joey  (WA)"]
[Black "Cross Jason  (WA)"]
[Result "1/2-1/2"]
[WhiteElo "1403"]
[BlackElo "1528"]
[Annotator ""]
[Source ""]
[Remark "Class C"]

1.d4 Nf6 2.c4 c5 3.Nf3 cxd4 4.Nxd4 g6 5.Nc3 Bg7 6.e4 d6 7.Be3
Ng4 8.b4 Nxe3 9.fxe3 O-O 10.Rc1 Nc6 11.a3 Bd7 12.c5 dxc5 13.bxc5
Rc8 14.Bb5 Qa5 15.O-O Qxa3 16.Nd5 Rce8 17.Qd2 Nxd4 18.Bxd7 Nb3
19.Qd3 Qxc1 20.Rxc1 Nxc1 21.Qc2 e6 22.Bxe8 Rxe8 23.Nf4 Rc8 24.Qxc1
Bf8 25.Kf2 Rxc5 26.Qb2 b6 27.Kf3 Bg7 28.Qe2 h5 29.Qa6 Rc7 30.h4
Bf6 31.g4 hxg4+ 32.Kxg4 Kg7 33.h5 g5 34.Nh3 Rc2 35.Qf1 Ra2 36.Nxg5
Ra1 37.h6+ Kg6 38.Qh3 Rg1+ 39.Kf3 Rxg5 40.h7 Rh5 41.Qg4+ Bg5
42.e5 {??} ( 42.Qxh5+ Kxh5 43.h8Q+ ) Rxh7 43.Qe4+ Kg7 44.Qg4
Kg6 45.Qe4+ Kh6 46.Qg4 f5 47.exf6 Rf7 48.Qh3+ Kg6 49.Kg4 Kxf6
50.Qh8+ Rg7 51.Qf8+ Kg6 1/2-1/2

[Event "Washington Class Championships"]
[Site "Lynnwood, WA"]
[Date "2014.11.28"]
[Round "1"]
[White "Zhang Zachary  (WA)"]
[Black "Bailey Daniel  (WA)"]
[Result "0-1"]
[WhiteElo "1629"]
[BlackElo "1759"]
[Annotator ""]
[Source ""]
[Remark "Class B"]

1.d4 d5 2.Nf3 Nf6 3.Bf4 e6 4.e3 Bd6 5.Bg3 Ne4 6.Bd3 Nd7 7.Nbd2
Ndf6 8.c3 b6 9.Bh4 Be7 10.Ne5 Bd7 11.Qc2 Nxd2 12.Qxd2 Ne4 13.Bxe7
Qxe7 14.Qc2 f5 15.O-O O-O 16.c4 Rac8 17.cxd5 exd5 18.Ba6 c5 19.Bxc8
Rxc8 20.Nxd7 Qxd7 21.Rac1 c4 22.f3 Nd6 23.Rf2 b5 24.a3 a5 25.Qc3
a4 26.Re1 Re8 27.Qc2 Re6 28.Rff1 Qe7 29.Qf2 Qg5 30.e4 fxe4 31.fxe4
Rf6 32.Qg3 Qxg3 33.hxg3 Nxe4 34.Rxf6 gxf6 35.g4 Kg7 36.Rf1 Kg6
37.Rf5 c3 38.bxc3 Nxc3 39.Kf1 b4 40.Rf2 bxa3 0-1

[Event "Washington Class Championships"]
[Site "Lynnwood, WA"]
[Date "2014.11.29"]
[Round "3"]
[White "He Daniel  (WA)"]
[Black "Sohal Tanraj  (CAN)"]
[Result "1/2-1/2"]
[WhiteElo "2222"]
[BlackElo "2133"]
[Annotator ""]
[Source ""]
[Remark "Master"]

1.e4 c5 2.Nf3 e6 3.d3 Nc6 4.g3 d5 5.Qe2 Nf6 6.Bg2 Be7 7.O-O O-O
8.e5 Nd7 9.c4 d4 10.Re1 Rb8 11.Na3 a6 12.h4 b5 13.Qe4 Nb4 14.Qe2
Bb7 15.Bf4 Bc6 16.Ng5 Bxg2 17.Kxg2 Re8 18.Ne4 Nc6 19.Ng5 Nb4
20.Ne4 Nc6 21.Ng5 1/2-1/2

[Event "Washington Class Championships"]
[Site "Lynnwood, WA"]
[Date "2014.11.28"]
[Round "2"]
[White "Saletan Emily  (WA)"]
[Black "Varner Murlin  (WA)"]
[Result "0-1"]
[WhiteElo "1240"]
[BlackElo "1517"]
[Annotator ""]
[Source ""]
[Remark "Class C"]

1.e4 e6 2.d4 d5 3.Nd2 Nc6 4.Ngf3 Bb4 5.c3 dxe4 6.cxb4 exf3 7.Nxf3
Nge7 8.b5 Nb4 9.Bc4 O-O 10.O-O h6 11.Qe2 Nbd5 12.b3 Nf6 13.Ba3
Re8 14.Bd3 Ned5 15.Rfe1 b6 16.Ne5 Nf4 17.Qf3 Nxd3 18.Qxd3 Bb7
19.Rad1 Qd5 20.Qg3 Qxb5 21.Ng4 Nxg4 22.Qxg4 Rad8 23.Bc1 Qf5 24.Qf4
Qg6 25.f3 Re7 26.Bb2 Red7 27.Re2 c5 28.Red2 Rd5 29.Qc7 R5d7 30.Qf4
Qf5 ( 30...e5 31.Qxe5 Bxf3 ) 31.Qg3 g6 32.Kf2 cxd4 33.Bxd4 e5
34.Bc3 Rxd2+ 35.Bxd2 Qc2 36.Ke2 Ba6+ 37.Ke1 Rxd2 38.Rxd2 Qc1+
39.Rd1 Qe3# 0-1

[Event "Washington Class Championships"]
[Site "Lynnwood, WA"]
[Date "2014.11.28"]
[Round "2"]
[White "Sohal Tanraj  (CAN)"]
[Black "Sen Samir  (WA)"]
[Result "1-0"]
[WhiteElo "2133"]
[BlackElo "2205"]
[Annotator ""]
[Source ""]
[Remark "Master"]

1.d4 d5 2.c4 c6 3.cxd5 cxd5 4.Bf4 Nf6 5.Nc3 Nc6 6.e3 a6 7.Rc1
Bf5 8.Nf3 Rc8 9.Be2 e6 10.h3 Bd6 11.Bxd6 Qxd6 12.O-O O-O 13.Nd2
Nd7 14.g4 Bg6 15.f4 f6 16.Kg2 Bf7 17.Nb3 e5 18.dxe5 fxe5 19.Ne4
Qe7 20.Ng5 e4 21.Qd2 Rfd8 22.Rfd1 Nf8 23.Nxf7 Qxf7 24.Nd4 Ne6
25.Nxc6 Rxc6 26.f5 Nc7 27.Qb4 Rxc1 28.Rxc1 Ne8 29.Bd1 g6 30.fxg6
hxg6 31.Rc2 Rd6 32.Rf2 Rf6 33.Rxf6 Nxf6 34.Qd6 Ne8 35.Qe5 Kf8
36.Kg1 Qc7 37.Qxc7 Nxc7 38.h4 Ke7 39.Kg2 Kf6 40.Kg3 b6 41.h5
gxh5 42.gxh5 Kg5 43.h6 Kxh6 44.Kf4 Kg6 45.Ke5 Ne8 46.Kxd5 Kf5
47.Kc6 Nf6 48.Kxb6 Nd5+ 49.Kxa6 Nxe3 50.Be2 Nc2 51.Kb6 Nd4 52.Bc4
e3 53.a4 Nb3 54.a5 1-0

[Event "Washington Class Championships"]
[Site "Lynnwood, WA"]
[Date "2014.11.28"]
[Round "2"]
[White "Berry Greg  (WA)"]
[Black "Hasuike Mike  (OR)"]
[Result "1/2-1/2"]
[WhiteElo "1570"]
[BlackElo "1500"]
[Annotator ""]
[Source ""]
[Remark "Class C"]

1.e4 Nf6 2.e5 Nd5 3.d4 d6 4.c4 Nb6 5.exd6 exd6 6.Nf3 Bg4 7.Be2
Be7 8.O-O O-O 9.b3 N8d7 10.h3 Bh5 11.Nbd2 Re8 12.Bb2 Bf6 13.Re1
Bg6 14.Nf1 d5 15.Qd2 c6 16.c5 Nc8 17.Ne3 Bg5 18.Nxg5 Qxg5 19.Bd3
Ne7 20.Bxg6 Nxg6 21.Nc4 Qxd2 22.Nxd2 Nf4 23.Rxe8+ Rxe8 24.Nf3
f6 25.Re1 Kf7 26.Rxe8 Kxe8 1/2-1/2

[Event "Washington Class Championships"]
[Site "Lynnwood, WA"]
[Date "2014.11.28"]
[Round "2"]
[White "Mitchell Mika  (WA)"]
[Black "Davis Frederick  (WA)"]
[Result "1-0"]
[WhiteElo "1848"]
[BlackElo "1865"]
[Annotator ""]
[Source ""]
[Remark "Class A"]

1.e4 c5 2.Nc3 e6 3.f4 Nc6 4.Nf3 g6 5.d4 cxd4 6.Nxd4 Bg7 7.Ndb5
Bxc3+ 8.bxc3 d5 9.exd5 exd5 10.Qxd5 Qxd5 11.Nc7+ Kf8 12.Nxd5
Bf5 13.Ba3+ Kg7 14.O-O-O Nh6 15.h3 Rhd8 16.Ne3 Be4 17.Bd3 Re8
18.Rhg1 Bxd3 19.Rxd3 Re4 20.Nd5 Nf5 21.g4 Nfe7 22.Nxe7 Nxe7 23.Rd7
Nc6 24.f5 Re3 25.fxg6 hxg6 26.h4 Re4 27.Rxb7 Na5 28.Rc7 a6 29.Bc5
Re6 30.Rf1 1-0

[Event "Washington Class Championships"]
[Site "Lynnwood, WA"]
[Date "2014.11.28"]
[Round "2"]
[White "Pulfer Luke  (CAN)"]
[Black "Beck Alec  (WA)"]
[Result "1-0"]
[WhiteElo "1806"]
[BlackElo "1311"]
[Annotator ""]
[Source ""]
[Remark "Master"]

1.d4 d5 2.c4 c6 3.Nf3 Nf6 4.Nc3 Bf5 5.cxd5 cxd5 6.Qb3 b6 7.Bf4
a6 8.Ne5 e6 9.e3 Be7 10.Qa4+ Kf8 11.h3 Nbd7 12.Nc6 b5 13.Qb3
Qb6 14.Nxe7 Kxe7 15.Qb4+ Ke8 16.Be2 Rc8 17.O-O Ne4 18.Rac1 Qb7
19.f3 Nef6 20.a4 Nb6 21.axb5 Nc4 22.Qa4 a5 23.Bxc4 Rxc4 24.Qxa5
Kd7 25.Na4 Ra8 26.Nb6+ Ke7 27.Nxa8 Rxc1 28.Rxc1 Nd7 29.Rc7 Qxc7
30.Qxc7 f6 31.Bd6+ Ke8 32.Nb6 Nxb6 33.Qe7# 1-0

[Event "Washington Class Championships"]
[Site "Lynnwood, WA"]
[Date "2014.11.28"]
[Round "2"]
[White "Yu Jinsong  (WA)"]
[Black "Yeo Joey  (WA)"]
[Result "0-1"]
[WhiteElo "1416"]
[BlackElo "1403"]
[Annotator ""]
[Source ""]
[Remark "Class C"]

1.e4 c5 2.d4 cxd4 3.c3 dxc3 4.Nxc3 Nc6 5.Bc4 g6 6.f4 Bg7 7.Nf3
d6 8.O-O Nf6 9.Qe2 O-O 10.a3 a6 11.Rd1 Qc7 12.Ba2 Bd7 13.Be3
Rac8 14.Rac1 Ng4 15.Nd5 Qb8 16.Bb6 Rfe8 17.Rc2 e6 18.Ne3 Nxe3
19.Qxe3 Ne7 20.Rcd2 Rc6 21.Bd4 Rec8 22.Bxg7 Kxg7 23.Qd4+ Kg8
24.Qf6 Qa7+ 25.Kh1 R6c7 26.Qxe7 Ba4 27.Qxd6 Bxd1 28.Rxd1 Qf2
29.Qe5 Rc1 30.Qd6 R8c2 31.Qd8+ Kg7 32.Nh4 0-1

[Event "Washington Class Championships"]
[Site "Lynnwood, WA"]
[Date "2014.11.29"]
[Round "2"]
[White "Sherrard Jerry  (OR)"]
[Black "Doknjas John  (CAN)"]
[Result "1/2-1/2"]
[WhiteElo "2045"]
[BlackElo "2146"]
[Annotator ""]
[Source ""]
[Remark "Master"]

1.e4 c5 2.Nf3 d6 3.d4 cxd4 4.Nxd4 Nf6 5.Nc3 a6 6.Bc4 e6 7.O-O
b5 8.Bb3 Be7 9.Qf3 Qb6 10.Rd1 Nbd7 11.Qg3 b4 12.Na4 Qb7 13.f3
O-O 14.Bh6 Ne8 15.Bg5 Nef6 16.Bh6 Ne8 17.Bg5 Nef6 18.Bh6 1/2-1/2

[Event "Washington Class Championships"]
[Site "Lynnwood, WA"]
[Date "2014.11.29"]
[Round "4"]
[White "Varner Murlin  (WA)"]
[Black "Chin Eugene  (WA)"]
[Result "1-0"]
[WhiteElo "1517"]
[BlackElo "1492"]
[Annotator ""]
[Source ""]
[Remark "Class C"]

1.c4 Nf6 2.Nc3 g6 3.g3 Bg7 4.Bg2 d6 5.Nf3 O-O 6.O-O e5 7.d3 Nc6
8.a3 Nd7 9.Qc2 f5 10.Ng5 Nd4 11.Qd1 h6 {?} 12.Bd5+ Kh8 13.Nf7+
Rxf7 14.Bxf7 Qf6 15.Bd5 Nc5 16.b4 Ncb3 17.Rb1 c6 18.e3 {!} cxd5
19.Nxd5 Qf7 20.exd4 Nxd4 21.Bb2 Nc6 22.b5 Nd8 23.f4 e4 24.Bxg7+
Kxg7 25.dxe4 fxe4 26.Qd4+ Kg8 27.Nf6+ Kf8 28.Nxe4 Qd7 29.Qh8+
Kf7 30.Qf6+ Kg8 31.Qxg6+ Kf8 32.Qxh6+ 1-0

[Event "Washington Class Championships"]
[Site "Lynnwood, WA"]
[Date "2014.11.29"]
[Round "3"]
[White "Kalina Chris  (MN)"]
[Black "Chan James  (CAN)"]
[Result "1/2-1/2"]
[WhiteElo "2103"]
[BlackElo "2116"]
[Annotator ""]
[Source ""]
[Remark "Master"]

1.d4 d5 2.c4 c6 3.Nc3 Nf6 4.cxd5 cxd5 5.Nf3 Nc6 6.Bf4 Bf5 7.e3
e6 8.Be2 Bd6 9.Bxd6 Qxd6 10.O-O O-O 11.Rc1 a6 12.Na4 b5 13.Nc5
Rfc8 14.a3 e5 15.Nxe5 Nxe5 16.dxe5 Qxe5 17.Qd4 Qxd4 18.exd4 Ne4
19.g4 Be6 20.f4 Re8 21.Rc2 g6 22.f5 Bc8 23.Bd3 Nd6 24.Rf3 Ra7
25.Kf2 Rae7 26.h3 Ne4+ 27.Bxe4 dxe4 28.f6 Rc7 29.Re2 h5 30.g5
Bf5 31.Rfe3 Rd8 32.Nxa6 Rc4 33.Nc5 Rdxd4 34.b4 h4 35.Nb3 1/2-1/2

[Event "Washington Class Championships"]
[Site "Lynnwood, WA"]
[Date "2014.11.30"]
[Round "5"]
[White "MacGregor Logan  (WA)"]
[Black "Varner Murlin  (WA)"]
[Result "0-1"]
[WhiteElo "1559"]
[BlackElo "1517"]
[Annotator ""]
[Source ""]
[Remark "Class C"]

1.Nf3 d5 2.d4 Nf6 3.c4 e6 4.g3 Be7 5.Bg2 O-O 6.O-O Nbd7 7.Nc3
dxc4 8.e4 c6 9.b3 Nb6 10.Qc2 Ne8 11.Bb2 f5 12.exf5 exf5 13.bxc4
Be6 14.d5 cxd5 15.Nd4 Nc7 16.Nxe6 Nxe6 17.Nxd5 Rc8 18.Qc3
( 18.Qe2 ) Rxc4 19.Qe5 Qd6 20.Nxe7+ Qxe7 21.Rfe1 Re8 22.a4 Rc5
23.Qe2 Rcc8 24.a5 Nd7 25.Bd5 Ndf8 26.Ba3 Qf6 27.Qa2 Kh8 28.Bxb7
Rb8 29.Bc6 Red8 30.Bb2 {??} Rxb2 31.Qa3 Qd4 32.Rf1 Rd2 33.Rab1
Rd3 34.Qa2 f4 35.Rb3 Rxb3 36.Qxb3 fxg3 37.hxg3 Rc8 38.Rd1 Qf6
39.Bb7 Rc3 40.Qd5 Rc5 41.Qd2 Ng5 42.Qd8 Rc2 ( 42...Nh3+ 43.Kh1
( 43.Kg2 Qxf2+ 44.Kxh3 Rh5+ ) Nxf2+ ) 43.Qxf6 gxf6 44.Rd8 Kg7
45.Ra8 Rc7 46.Rxa7 Nd7 47.a6 Nb6 48.Kf1 Ne6 49.Ke2 Nd4+ 50.Ke3
Nb5 0-1

[Event "Washington Class Championships"]
[Site "Lynnwood, WA"]
[Date "2014.11.29"]
[Round "3"]
[White "Vaidya Amol  (WA)"]
[Black "Tien Sophie  (WA)"]
[Result "0-1"]
[WhiteElo "101"]
[BlackElo "1058"]
[Annotator ""]
[Source ""]
[Remark "Class E"]

1.e4 e5 2.Nf3 Nc6 3.Nc3 Nf6 4.Bc4 Bc5 5.d3 d6 6.O-O Bg4 7.Bg5
Nd4 8.h3 Bxf3 9.gxf3 h6 10.Bh4 g5 11.Bg3 Nh5 12.f4 Nxg3 13.fxg3
Nxc2+ 14.Kh1 Nxa1 15.Qh5 Qd7 16.Nd5 O-O-O 17.Qd1 Qxh3# 0-1

[Event "Washington Class Championships"]
[Site "Lynnwood, WA"]
[Date "2014.11.29"]
[Round "4"]
[White "Berry Gregory  (WA)"]
[Black "Arustamian Katherine  (WA)"]
[Result "1-0"]
[WhiteElo "1570"]
[BlackElo "1398"]
[Annotator ""]
[Source ""]
[Remark "Class C"]

1.e4 e6 2.d4 d5 3.Nd2 Nf6 4.e5 Nfd7 5.Bd3 c5 6.c3 Nc6 7.Ne2 Qb6
8.Nf3 Be7 9.O-O O-O 10.Re1 cxd4 11.cxd4 Nb4 12.Bb1 f6 13.exf6
Nxf6 14.a3 Nc6 15.Nf4 Nd8 16.Qe2 Bd6 17.Nd3 Bd7 18.Nde5 Rc8 19.Bg5
Bb5 20.Qe3 Bxe5 21.Nxe5 Nd7 22.Bxh7+ Kxh7 23.Qh3+ Kg8 24.Ng6
Nf7 25.Ne7# 1-0

[Event "Washington Class Championships"]
[Site "Lynnwood, WA"]
[Date "2014.11.29"]
[Round "4"]
[White "Patterson Roger  (CAN)"]
[Black "Bishop Alan  (WA)"]
[Result "1/2-1/2"]
[WhiteElo "2141"]
[BlackElo "2000"]
[Annotator ""]
[Source ""]
[Remark "Master"]

1.c4 c5 2.g3 Nc6 3.Bg2 g6 4.Nf3 Bg7 5.Nc3 Nf6 6.d4 cxd4 7.Nxd4
O-O 8.O-O Qb6 9.Nb3 d6 10.Bg5 Be6 11.Nd5 Bxd5 12.cxd5 Ne5 13.Be3
Qb5 14.Bd4 Nfd7 15.f4 Nc4 16.Bxg7 Kxg7 17.Qd4+ Kg8 18.Rfc1 Rfc8
19.Bh3 Ncb6 20.e4 a5 21.Rxc8+ 1/2-1/2

[Event "Washington Class Championships"]
[Site "Lynnwood, WA"]
[Date "2014.11.29"]
[Round "4"]
[White "Feng Roland  (WA)"]
[Black "He Daniel  (WA)"]
[Result "1-0"]
[WhiteElo "2292"]
[BlackElo "2222"]
[Annotator ""]
[Source ""]
[Remark "Master"]

1.d4 e6 2.c4 Bb4+ 3.Nc3 f5 4.Qc2 Nf6 5.a3 Bxc3+ 6.Qxc3 b6 7.f3
O-O 8.e3 Bb7 9.Be2 Qe7 10.b4 a5 11.b5 d6 12.Nh3 Nbd7 13.O-O e5
14.Re1 h6 15.Bd2 g5 16.Nf2 h5 17.Qc2 e4 18.d5 g4 19.f4 Nc5 20.Nd1
Bc8 21.Bc3 Kh7 22.Rb1 Rg8 23.Ba1 Bd7 24.Nc3 Raf8 25.Bf1 g3 26.h3
Ng4 27.Qd2 Qh4 28.Nd1 Rg6 29.Bd4 Nb7 30.Rb2 Nd8 31.Re2 Nh2 32.Qc3
Nf7 33.Rec2 Rfg8 34.c5 bxc5 35.Qxa5 Nxf1 36.Kxf1 cxd4 37.Rxc7
Bxb5+ 38.Rxb5 R6g7 39.Rbb7 Qf6 40.Qa7 Kg6 41.Qxd4 Ra8 42.Qxf6+
Kxf6 43.Re7 Rh7 44.Ra7 Rxa7 45.Rxa7 Rh8 46.Ke2 Rb8 47.Ra5 Nh8
48.Ra6 Nf7 49.Ra4 Rb3 50.Kd2 Rd3+ 51.Kc2 Rxd5 52.Rd4 Rc5+ 53.Nc3
Ke6 54.Kb3 Nd8 55.Rc4 Nb7 56.Rxc5 Nxc5+ 57.Kc2 h4 58.Nb5 Nd3
59.Nd4+ Kf6 60.Kd2 Nb2 61.Kc3 Nd1+ 62.Kd2 Nb2 63.Nc2 Ke6 64.Kc3
Nd3 65.Nd4+ Kf6 66.a4 Ke7 67.Nxf5+ Kd7 68.Nxh4 Kc6 69.Nf5 Ne1
70.Nxg3 Kd5 71.Nf5 Nxg2 72.Kd2 Ke6 73.a5 1-0

[Event "Washington Class Championships"]
[Site "Lynnwood, WA"]
[Date "2014.11.29"]
[Round "4"]
[White "Puri Ishaan  (WA)"]
[Black "Campbell Tim  (WA)"]
[Result "1-0"]
[WhiteElo "1624"]
[BlackElo "1737"]
[Annotator ""]
[Source ""]
[Remark "Class B"]

1.e4 c5 2.Nf3 Nc6 3.d4 cxd4 4.Nxd4 g6 5.Nc3 Bg7 6.Be3 Nf6 7.Bc4
O-O 8.Bb3 d6 9.h3 Bd7 10.O-O Rc8 11.Qd2 a6 12.Rad1 Ne5 13.Bh6
Bc6 14.Nxc6 bxc6 15.Bxg7 Kxg7 16.f4 Ned7 17.Rfe1 Qb6+ 18.Kh1
Rfd8 19.f5 Ne5 20.Rg1 Qb7 21.Qe2 c5 22.Qe3 c4 23.Ba4 Qxb2 24.Rb1
Qa3 25.Rb7 Nxe4 26.Qxe4 Qxc3 27.Rxe7 Qa5 28.Qh4 Qxa4 29.f6+ Kh8
30.Qh6 Rg8 31.Rf1 Qxc2 32.Rf4 Qc1+ 33.Kh2 Nd3 34.Qxh7+ Kxh7 35.Rh4+
Qh6 36.Rxf7+ 1-0

[Event "Washington Class Championships"]
[Site "Lynnwood, WA"]
[Date "2014.11.29"]
[Round "4"]
[White "Rajagopal Maneesh  (WA)"]
[Black "Bashkansky Naomi (WA)"]
[Result "0-1"]
[WhiteElo "1522"]
[BlackElo "1645"]
[Annotator ""]
[Source ""]
[Remark "Class B"]

1.e4 e5 2.f4 exf4 3.Nf3 d6 4.Bc4 h6 5.Nc3 g5 6.d4 Bg7 7.Qd3 Nc6
8.h3 Bd7 9.Bd2 a6 10.a3 Qf6 11.d5 Ne5 12.Nxe5 Qxe5 13.O-O-O b5
14.Bb3 a5 15.Rde1 b4 16.Na4 Kd8 17.c3 bxa3 18.bxa3 Rb8 19.Bc2
Bb5 20.Qf3 Qe8 21.h4 Bxa4 0-1

[Event "Washington Class Championships"]
[Site "Lynnwood, WA"]
[Date "2014.11.29"]
[Round "4"]
[White "Mitchell Mika  (WA)"]
[Black "Pitre H. G.  (WA)"]
[Result "1/2-1/2"]
[WhiteElo "1848"]
[BlackElo "1882"]
[Annotator ""]
[Source ""]
[Remark "Class A"]

1.e4 d6 2.d4 g6 3.f4 Bg7 4.Nf3 c5 5.c3 Qc7 6.Be3 Nf6 7.Nbd2 O-O
8.Bd3 d5 9.O-O Ng4 10.Qe2 Nxe3 11.Qxe3 dxe4 12.Nxe4 cxd4 13.Nxd4
Qb6 14.Qf2 Nc6 15.Nxc6 Qxc6 16.Ng5 h6 17.Nf3 b5 18.Rfe1 1/2-1/2

[Event "Washington Class Championships"]
[Site "Lynnwood, WA"]
[Date "2014.11.29"]
[Round "4"]
[White "Bonrud Neal  (WA)"]
[Black "Ramesh Jothi  (WA)"]
[Result "1/2-1/2"]
[WhiteElo "1720"]
[BlackElo "1699"]
[Annotator ""]
[Source ""]
[Remark "Class B"]

1.e4 c6 2.d4 d5 3.exd5 cxd5 4.Bd3 Nf6 5.Bf4 Nc6 6.c3 Bg4 7.f3
Bh5 8.Nd2 e6 9.Qe2 Be7 10.Nh3 O-O 11.g4 Bg6 12.Bxg6 hxg6 13.Ng5
Nh7 14.Nh3 Ng5 15.Nf2 Bd6 16.Bg3 Qc7 17.Bxd6 Qxd6 18.h4 Nh7 19.O-O-O
Rfe8 20.Nd3 Rac8 21.Kb1 Nf6 22.Ne5 Nd7 23.f4 Ncxe5 24.fxe5 Qc7
25.g5 Nb6 26.h5 Nc4 27.Nb3 Qe7 28.Rdg1 Red8 29.hxg6 fxg6 30.Nc5
b6 31.Nb3 Rf8 32.Qh2 Kf7 33.Rg3 Ke8 34.Nd2 Kd7 35.Nxc4 Rxc4 36.Qc2
Rf5 1/2-1/2

[Event "Washington Class Championships"]
[Site "Lynnwood, WA"]
[Date "2014.11.29"]
[Round "4"]
[White "Greninger Harley  (WA)"]
[Black "Koons Nat  (WA)"]
[Result "1/2-1/2"]
[WhiteElo "2163"]
[BlackElo "2293"]
[Annotator ""]
[Source ""]
[Remark "Master"]

1.d4 Nf6 2.Nf3 b6 3.g3 Bb7 4.Bg2 e6 5.O-O Be7 6.c4 O-O 7.Nc3
Na6 8.Qc2 d5 9.Ne5 c5 10.e3 cxd4 11.exd4 Qc8 12.b3 Nb4 13.Qe2
dxc4 14.Bxb7 Qxb7 15.bxc4 Rac8 16.Bb2 Rfd8 17.Rfd1 a6 18.Rac1
Rc7 19.a3 Nc6 20.d5 Nxe5 21.Qxe5 Rxc4 22.dxe6 Rxd1+ 23.Rxd1 Rc5
24.exf7+ Kxf7 25.Qe2 b5 26.Re1 Rc4 27.Qe6+ Kf8 28.h3 1/2-1/2